000 00792na a2200253 4500
001 13274
003 MIRAKIL
005 20181213154759.0
008 161012b tu 000 0
035 _a13274
040 _aMilas
_btur
_cTR-AnCHP
041 _atur
082 _a305.562
_bB29t 2011
090 _a305.562 B29t 2011
100 _aBaydar, H. İnönü
245 _aTürkiye'de yol işçileri
_bKamuda çalışan yol işçilerinin sosyokültürel kimliği
_cHüseli İnönü Baydar
246 _aKamuda çalışan yol işçilerinin sosyokültürel kimliği
260 _aAnkara
_bYol-İş Yayınları
_c2011
300 _a249 s.
_c20 sm.
504 _aKaynakça var.
650 _aİşçi sınıfı
_xSosyal durum
650 _aSosyoloji
_xEmek sınıfı
942 _2dcc
_cBKS
999 _c739
_d739